000
00244nam a22000977a 4500
999
_c
11259
_d
11259
008
181205b ||||| |||| 00| 0 eng d
100
_a
NORMAN VINCENT PEALE
_9
7007
245
_a
THE POWER OF POSITIVE THINKING
300
_a
BOOK
942
_2
ddc
_c
BK